00331nam a2200133Ia 4500008004100000041000800041082001600049100001900065245002600084250001400110260003500124300003100159365000700190240624s9999 xx 000 0 und d aeng a332.042 BUC aBUCKLEY ADRIAN aMULTINATIONAL FINANCE a(3rd ed.) c2003aNew DelhibPrentice-Hall axiv, : 606 : p. : cm. ; 24 cRS